Проектирование двигательных установок летательных аппаратов с жидкостными ракетными двигателями. Ч. 1: Выбор проектных параметров двигательных установок с жидкостными ракетными двигателями (Запись № 7193409)
[ простой вид ]
| 000 -МАРКЕР | |
|---|---|
| контрольное поле | 01795nam2a22002651 4500 |
| 001 - ИДЕНТИФИКАТОР ЗАПИСИ | |
| контрольное поле | rc\2361440 |
| 005 - ИДЕНТИФИКАТОР ВЕРСИИ | |
| контрольное поле | 20250623052648.0 |
| 035 ## - ДРУГИЕ СИСТЕМНЫЕ НОМЕРА | |
| Идентификатор записи | (NLR Aleph) 006595646 |
| 100 ## - ДАННЫЕ ОБЩЕЙ ОБРАБОТКИ | |
| Данные общей обработки | 20110829d1977 |||y0rusy50 ca |
| 101 0# - ЯЗЫК РЕСУРСА | |
| Язык текста, звукозаписи и т.д. | русский |
| 102 ## - СТРАНА ПУБЛИКАЦИИ ИЛИ ПРОИЗВОДСТВА | |
| Страна публикации | Российская Федерация |
| 105 ## - ПОЛЕ КОДИРОВАННЫХ ДАННЫХ: ТЕКСТОВЫЕ МАТЕРИАЛЫ, МОНОГРАФИЧЕСКИЕ | |
| Кодированные данные о монографическом текстовом документе | a z ||||| |
| 200 1# - ЗАГЛАВИЕ И СВЕДЕНИЯ ОБ ОТВЕТСТВЕННОСТИ | |
| Основное заглавие | Выбор проектных параметров двигательных установок с жидкостными ракетными двигателями |
| 210 ## - ПУБЛИКАЦИЯ, РАСПРОСТРАНЕНИЕ И ДР. | |
| Дата издания, распространения и т.д. | 1977 |
| Место издания, распространения и т.д. | Б. м. |
| 215 ## - ФИЗИЧЕСКАЯ ХАРАКТЕРИСТИКА | |
| Специфическое обозначение материала и объем | 80 с. |
| Другие сведения о физической характеристике | ил. |
| 320 ## - ПРИМЕЧАНИЯ О НАЛИЧИИ В ДОКУМЕНТЕ БИБЛИОГРАФИИ / УКАЗАТЕЛЯ | |
| Текст примечания | Библиогр.: с. 79 |
| 333 ## - ПРИМЕЧАНИЯ ОБ ОСОБЕННОСТЯХ РАСПРОСТРАНЕНИЯ И ИСПОЛЬЗОВАНИЯ | |
| Текст примечания | ДСП |
| 461 #0 - УРОВЕНЬ НАБОРА | |
| Встроенное поле | 001rc\2361439 |
| -- | 2001#$aПроектирование двигательных установок летательных аппаратов с жидкостными ракетными двигателями$e[Учеб. пособие]$eЧ. 1-$fМ-во высш. и сред. спец. образ. СССР. Моск. авиац. ин-т им. Серго Орджоникидзе$vЧ. 1 |
| -- | 700#1$aНовиков$bВ. Н.$f1930-$gВладимир Николаевич$cканд. техн. наук, летат. аппараты$3RU\NLR\AUTH\770244011 |
| Системный номер (АБИС) связанной записи | 7193400 |
| Автор | Новиков, В. Н. (канд. техн. наук, летат. аппараты ; 1930-) |
| Место публикации | Москва |
| Дата публикации | 1977 |
| Первые сведения об ответственности | М-во высш. и сред. спец. образ. СССР. Моск. авиац. ин-т им. Серго Орджоникидзе |
| Имя издателя, распространителя и т.д. | Б. и. |
| Сведения, относящиеся к заглавию | [Учеб. пособие] : Ч. 1- |
| Заглавие | Проектирование двигательных установок летательных аппаратов с жидкостными ракетными двигателями |
| Номер тома | Ч. 1 |
| 801 #0 - ИСТОЧНИК ЗАПИСИ | |
| Страна | Российская Федерация |
| Организация | NLR |
| Правила каталогизации | psbo |
| 801 #1 - ИСТОЧНИК ЗАПИСИ | |
| Страна | Российская Федерация |
| Организация | ELAR |
| Источник данных | rusmarc |
| 852 ## - МЕСТОНАХОЖДЕНИЕ И ШИФР ХРАНЕНИЯ | |
| Идентификатор организации | NLR |
| Шифр хранения (Call Number) | 77-50к/690 |
| 942 ## - ДОПОЛНИТЕЛЬНЫЕ ЭЛЕМЕНТЫ ЗАПИСИ (АБИС) | |
| Тип экземпляра АБИС | Книга |
| 980 ## - КОЛЛЕКЦИЯ | |
| Название коллекции | Национальная библиография |
| Тип экземпляра | Дата поступления | Библиотека постоянного хранения | Библиотека текущего хранения | Место хранения | Шифр хранения | Штрих-код | Статус экземпляра |
|---|---|---|---|---|---|---|---|
| Книга | 26.10.2013 | РНБ (Московский) | РНБ (Московский) | Фонд литературы для служебного пользования | 77-50к/690 | 6595646-10 |